000 00734nam a2200217Ii 4500
003 JO-AjNU
008 230605s9999||||xx |||||||||||||| ||und||
017 _a2000/1759
020 _a977-278-183-8
040 _aJO-AjNU
_bara
_erda
_cJO-AjNU
041 _aara
050 1 4 _aBP52.5.2001
100 3 _aمرسي،محمد سعيد,
_eauthor
_922128
245 0 0 _aفن التعامل مع الآخرين في الإسلام
264 3 1 _aطنطا:دار البشير للثقافة والعلوم ، 2001
300 _a214ص
336 _atext
_btxt
_2rdacontent
337 _aunmediated
_bn
_2rdamedia
338 _avolume
_bnc
_2rdacarrier
650 4 _aالعلاقات الانسانية-التعامل في الاسلام
_922129
999 _aA7805
_c11373
_d11373